000 00470nam a22001577a 4500
005 20251108175209.0
008 250721s1997 xx 000 0 ara d
082 1 4 _aق/ذكر
100 1 _aذكري، مصطفى
245 1 0 _aهراء متاهة قوطية /
264 1 _aالقاهرة _ مصر :
_bدار شرقيات للنشر والتوزيع،
_c1997.
300 _a92ص.
650 1 7 _aالروايات العربية
942 _2ddc
_cBK
999 _c128472
_d128472